Zehnkampf-Disziplinen - Statistiken

Allgemein
  • Dieses Quiz wurde 234 mal gespielt
  • Das Durchschnittsergebnis liegt bei 9 aus 10
Antwortstatistiken
Antwort % Korrekt
100m Sprint
98%
Hochsprung
95%
Weitsprung
95%
Speerwerfen
94%
Diskuswerfen
90%
Kugelstoßen
87%
110m Hürdenlauf
85%
Stabhochsprung
81%
400m Lauf
70%
1500m Lauf
64%
Keine übereinstimmenden Quizze gefunden
Verteilung der Resultate
Anzahl Personen mit jedem Resultat
Perzentil nach korrekt beantworteten Fragen
Ihre Resultats-Entwicklung
Sie haben dieses Quiz noch nicht gespielt